Gaststeden op het Eurovisiesongfestival - Statistieken

Algemene statistieken
  • Deze quiz is 48 keer genomen
  • De gemiddelde score is 51 van 66
Antwoordstatistieken
Land: Stad: % Correct
Nederland Amsterdam
100%
Nederland Rotterdam
100%
lerland Dublin
96%
lerland Dublin
96%
Ierland Dublin
96%
Ierland Dublin
96%
Ierland Dublin
96%
Ierland Dublin
96%
Verenigd Koninkrijk Londen
96%
Verenigd Koninkrijk Londen
96%
Verenigd Koninkrijk Londen
96%
Verenigd Koninkrijk Londen
96%
Noorwegen Oslo
96%
Noorwegen Oslo
96%
Frankrijk Parijs
96%
ltalië Rome
96%
België Brussel
93%
Oekraïne Kiev
93%
Luxemburg Luxemburg
93%
Oekraïne Kiev
93%
Denemarken Kopenhagen
93%
Denemarken Kopenhagen
93%
Denemarken Kopenhagen
93%
Luxemburg Luxemburg
93%
Luxemburg Luxemburg
93%
Luxemburg Luxemburg
93%
Zweden Stockholm
93%
Zweden Stockholm
93%
Zweden Stockholm
93%
Griekenland Athene
89%
Portugal Lissabon
89%
Oostenrijk Wenen
89%
Oostenrijk Wenen
89%
Nederland Den Haag
85%
Nederland Den Haag
85%
Finland Helsinki
85%
lsraël Jeruzalem
85%
lsraël Jeruzalem
85%
Spanje Madrid
85%
Rusland Moskou
85%
Letland Riga
85%
Estland Tallinn
85%
Israël Tel Aviv
78%
Zweden Malmö
74%
Zweden Malmö
74%
ltalië Turijn
74%
Servië Belgrado
70%
Azerbeidzjan Bakoe
67%
Noorwegen Bergen
67%
ltalië Napels
67%
Verenigd Koninkrijk Edinburgh
59%
Duitsland Frankfurt
59%
Joegoslavië Zagreb
52%
Frankrijk Cannes
48%
Frankrijk Cannes
48%
Duitsland Düsseldorf
48%
Verenigd Koninkrijk Birmingham
48%
Zwitserland Lausanne
48%
Zweden Göteborg
48%
Nederland Hilversum
48%
Zwitserland Lugano
37%
Verenigd Koninkrijk Brighton
33%
Ierland Milstreet
33%
Verenigd Koninkrijk Harrogate
26%
Turkije lstanbul
0%
Duitsland ̈München
0%
Geen overeenkomende quizzen gevonden
Scoreverdeling
Procent van Mensen met Elke Score
Percentiel versus Aantal Correcte Antwoorden
Uw Scoregeschiedenis
U heeft deze quiz nog niet genomen